Personalpronomina - Statistiken

Allgemein
  • Dieses Quiz wurde 19 mal gespielt
  • Das Durchschnittsergebnis liegt bei 12 aus 20
Antwortstatistiken
Hint Antwort % Korrekt
Nom. ego
87%
Nom. tu
80%
Abl. a me (mecum)
67%
Abl. a te (tecum)
67%
Akk. me
67%
Gen. mei
67%
Nom. nos
67%
Akk. nos
67%
Akk. te
67%
Nom. vos
67%
Akk. vos
67%
Abl. a nobis (nobiscum)
60%
Abl. a vobis, vobiscum
60%
Dat. mihi
60%
Dat. tibi
60%
Dat. nobis
53%
Dat. vobis
53%
Gen. tui
47%
Gen. nostri, nostrum
33%
Gen. vestri, vestrum
33%
Keine übereinstimmenden Quizze gefunden
Verteilung der Resultate
Anzahl Personen mit jedem Resultat
Perzentil nach korrekt beantworteten Fragen
Ihre Resultats-Entwicklung
Sie haben dieses Quiz noch nicht gespielt